Most Popular Sports In America - Statistics

General Stats
  • This quiz has been taken 131 times
  • The average score is 7 of 10
Answer Stats
# Sport % Correct
2 Baseball
100%
1 Football
99%
3 Basketball
98%
5 Soccer
95%
4 Hockey
93%
7 Tennis
76%
6 Golf
66%
9 Pro Wrestling
34%
10 Martial Arts
17%
8 Motor Sports
6%
No matching quizzes found
Score Distribution
Percent of People with Each Score
Percentile by Number Answered
Your Score History
You have not taken this quiz